Normal view
MARC view
Entry Término temático
001 - NÚMERO DE CONTROL
- campo de control: 165891
003 - IDENTIFICADOR DEL NÚMERO DE CONTROL
- campo de control: OSt
005 - FECHA Y HORA DE LA ÚLTIMA TRANSACCIÓN
- campo de control: 20220127160922.0
008 - DATOS DE LONGITUD FIJA
- campo de control de longitud fija: 220127|| aca||aabn | a|a d
040 ## - FUENTE DE LA CATALOGACIÓN
- Centro catalogador/agencia de origen: OSt
- Centro/agencia transcriptor: OSt
150 ## - ENCABEZAMIENTO--TÉRMINO DE MATERIA
- Término de materia o nombre geográfico como elemento de entrada: Control biológico de plagas Gnorimoschema operculella Papa
- Subdivisión general: Plagas Gelechiidae Control de plagas Copidosoma desantis
670 ## - FUENTE DE DATOS ENCONTRADOS
- Cita de la fuente: Work cat.: (OSt)201033: Cortez Madrigal, Hipólito 28303, Introducción, cría y evaluación en campo de Copidosoma desantis (Hym :
